000 00608nam a22001937a 4500
999 _c4929
_d4929
003 AR-CdUCM
008 190311b ||||| |||| 00| 0 spa d
040 _aMUNICIPALIDAD PROVINCIAL DEL CUSCO
_cBIBLIOTECA MUNICIPAL DEL CUSCO
082 _a869.301 /
_bS18
100 _aSalkey, Andrew
_915120
245 _aIn the hills where her dreams live :
_bpoems for Chile, 1973-1978 /
260 _aLa habana :
_bCasa de las américas,
_c1979.
300 _a46 paginas ;
_c19 cm.
500 _aDonación de la familia Nieto
505 _aPoesías
650 _aPoesías
_92272
942 _2ddc
_cLIBROS
945 _aacv